ਚਿਟੀਆਂ ਰਾਤਾੰ / (Record no. 55809)

MARC details
000 -LEADER
fixed length control field 00962nam a22002657a 4500
005 - DATE AND TIME OF LATEST TRANSACTION
control field 2011080406576.0
008 - FIXED-LENGTH DATA ELEMENTS--GENERAL INFORMATION
fixed length control field 090728t xxu||||| |||| 00| 0 pun d
010 ## - LCCN (DPL NO)
LC control number PUN-7021
020 ## - INTERNATIONAL STANDARD BOOK NUMBER
Terms of availability 80.00
International Standard Book Number 8175991852
035 ## - SYSTEM CONTROL NUMBER
System control number PN-6139
037 ## - SOURCE OF ACQUISITION
Source of stock number/acquisition DBAD / PUB
040 ## - CATALOGING SOURCE
Original cataloging agency dpl
Language of cataloging pn
082 ## - DEWEY DECIMAL CLASSIFICATION NUMBER
Classification number
100 ## - MAIN ENTRY--PERSONAL NAME
9 (RLIN) 24414
Personal name ਦੋਸਤੋਏਵਸਕੀ, ਫਿਓਦੋਰ
245 ## - TITLE STATEMENT
Title ਚਿਟੀਆਂ ਰਾਤਾੰ /
Statement of responsibility, etc ਫਿਓਦੋਰ ਦੋਸਤੋਏਵਸਕੀ
246 ## - VARYING FORM OF TITLE
Title proper/short title Chittian Rataa
Remainder of title by Fioder Dostoyevsky
260 ## - PUBLICATION, DISTRIBUTION, ETC. (IMPRINT)
Place of publication, distribution, etc New Delhi
Name of publisher, distributor, etc Navyug Publishers
Date of publication, distribution, etc 2007
270 ## - ADDRESS
Address K-24, Hauz Khas
City New Delhi
Postal code 110016
300 4# - PHYSICAL DESCRIPTION
Extent 78ਸਫੇ.
Dimensions 22ਸੇਂਮੀ (ਸਜਿਲੱਦ)
600 ## - SUBJECT ADDED ENTRY--PERSONAL NAME
9 (RLIN) 31401
650 ## - SUBJECT ADDED ENTRY--TOPICAL TERM
9 (RLIN) 24431
700 ## - ADDED ENTRY--PERSONAL NAME
9 (RLIN) 33297
942 ## - ADDED ENTRY ELEMENTS (KOHA)
Source of classification or shelving scheme Dewey Decimal Classification
Item type Punjabi Bks
Classification part
Call number suffix ਦੋਸਤੋ
Holdings
Withdrawn status Lost status Source of classification or shelving scheme Damaged status Not for loan Collection code Home library Current library Date acquired Source of acquisition Cost, normal purchase price Total Checkouts Full call number Barcode Date last seen Copy number Cost, replacement price Koha item type
    Dewey Decimal Classification     Fiction D.B.Act.Division D.B.Act.Division 23/08/2011 DBAD/PUB 80.00   ਕ ਦੋਸਤੋ PN-6139 23/08/2011 1 80.00 Punjabi Bks

© Delhi Public Library
Hit Counter
free hit counter